| 000 | 005840000a22001810004500 | ||
|---|---|---|---|
| 090 | _aSERIADAS | ||
| 100 | 1 |
_aMueses Cisneros, John Jairo _934819 |
|
| 700 | 1 |
_aAnganoy Criollo, Marvin Alfredo _9100713 |
|
| 245 | 1 | 0 | _aNueva especie del grupo Hyloscirtus Larinopygion (Amphibi: Anura: Hylidae) del suroccidente de Colombia |
| 044 | _aBrasil | ||
| 041 | 0 | _aEspañol | |
| 690 |
_aNuevas especies _992905 |
||
| 690 |
_aMorfología _992917 |
||
| 690 |
_aAnuros _9100647 |
||
| 651 | 4 |
_dNariño _992749 |
|
| 942 | _cARTICULO | ||
| 773 | 1 |
_tPapéis avulsos de zoología _h15 _q129-138 _d2008 _g48 |
|
| 999 |
_c16383 _d16383 |
||